00383nam a2200145 a 450000100060000000300090000600800410001504000280005608200170008410000310010124500300013226000440016230000080020665000230021413260CO-ViMGA141112s2004 ck r 000 u spa d aCO-ViMGAbspacCO-ViMGA04aBr 861 F377e1 aFerreira, Izacyl Guimaraes10aEntre os meus semelhantes aSao Pablo : bEditora Scortecci, c1994 a11714aPOESIA BRASILEÑA